| 000 | 00389nam a2200145 4500 | ||
|---|---|---|---|
| 999 |
_c509941 _d509941 |
||
| 008 | 190710b ||||| |||| 00| 0 eng d | ||
| 100 |
_aSirohi, Seema _96836 |
||
| 245 | _aTrump's policies hit India's H-1B immigrants | ||
| 260 | _c2019 | ||
| 300 | _ap.44-48. | ||
| 650 |
_aImmigrants _96837 |
||
| 773 | _aSeminar | ||
| 906 | _aUnited States - Foreign policy - India | ||
| 942 |
_2ddc _cAR |
||